| 000 | 01320nam a2200349 i 4500 | ||
|---|---|---|---|
| 001 | 000044192 | ||
| 003 | OSt | ||
| 005 | 20240305140538.0 | ||
| 007 | ta | ||
| 008 | 140606s2004 dr r 000 0 spa d | ||
| 020 | _a9993430609 | ||
| 040 |
_aDO-SdBNP _bspa _cBNPHU _erda |
||
| 041 | _hspa | ||
| 082 | 4 |
_aRD861.4409 _bG216p _222 |
|
| 100 | 1 |
_aGarcía, José Enrique, _d1948- _eautor _922487 |
|
| 245 | 1 | 3 |
_aLa palabra en su asiento / _cJosé Enrique García. |
| 264 |
_aSanto Domingo : _bBanco Central de la República Dominicana, _c2004. |
||
| 300 |
_a345 páginas ; _c24 cm. |
||
| 336 |
_2rdacontent _atexto _btxt |
||
| 337 |
_2rdamedia _asin mediación _bn |
||
| 338 |
_2rdacarrier _avolumen _bnc |
||
| 490 | 1 |
_aBanco Central de la República Dominicana ; _v62 |
|
| 490 | 0 |
_aArte y literatura ; _v23 |
|
| 500 | _aIncluye datos biográficos del autor en la solapa de la cubierta. | ||
| 500 | _aIncluye referencias bibliográficas y notas al pie de las páginas | ||
| 504 | _aIncluye referencias bibliográficas y notas al pie de las páginas | ||
| 590 | _aInventariado, 2019/BT | ||
| 650 | 4 |
_aPoesía dominicana _xHistoria y crítica _913072 |
|
| 830 |
_aBanco Central de la República Dominicana ; 62 _pArte y literatura ; _n23 _984659 |
||
| 910 | _aValidado. Control de calidad MFF | ||
| 942 |
_2ddc _cLBS1 |
||
| 999 |
_c43681 _d43681 |
||